zpět

Detail výsledku týmu

Pub Na Plech - Žižkov, Praha

Datum a čas kvízu

31 Celkem bodů Celkový počet nahraných bodů na tomto kvízu bez doplňovacích otázek.
2. Pořadí na kvízu Konečné umístění týmu na tomto kvízu.

Zaznamenané odpovědi

# Otázka Odpověď Body Výsledky
1. Který 63letý muž se ve čtvrtek... Jiří Kajínek 0
2. Papež František schválil svato... Boží influencer 0
3. Jak se nazývá literární festiv... Svět knihy 1
4. Je možné, že si v brzké době p... Mondeléz (Mondeléz International) 1
5. Který klub, jenž byl ještě ned... Příbram 0
6. Středověk bývá obvykle ohranič... D 1
7. Jak se jmenoval významný střed... Vilém I. Dobyvatel 1
8. Na fotografii vidíme sochu prv... Arnošt z Pardubic 1
9. Vytvořte z těchto středověkých... 1A 2D 3C 4B 1
10. Závěrem tématu se podíváme na... šlojíř, šlář 0